[Event "Int. Stuttgarter Stadtmeisterschaft B"]
[Site "Ditzingen"]
[Date "2016.05.07"]
[Round "5.44"]
[White "Wagner, Dimitrij"]
[Black "Dallinger, Moritz"]
[Result "0-1"]
[WhiteElo "1445"]
[BlackElo "1570"]
[PlyCount "44"]
[EventDate "2016.??.??"]
[WhiteTeam "SV Hülzweiler"]
[BlackTeam "SV Stuttgart-Wolfbusch"]

1. e4 c5 2. Nf3 a6 3. d4 cxd4 4. Nxd4 Nf6 5. Nc3 e5 6. Nb3 Bb4 7. Bd3 d5 8. O-O
Bxc3 9. bxc3 dxe4 10. Ba3 exd3 11. Re1 Nc6 12. Nd4 Nxd4 13. cxd4 Qxd4 14. cxd3
Bf5 15. Rc1 Ng4 16. Bc5 Qxd3 17. h3 Qxd1 18. Rcxd1 Nf6 19. Rxe5+ Be6 20. f4 Nd7
21. Rxd7 Kxd7 22. f5 Bxa2 0-1

[Event "Int. Stuttgarter Stadtmeisterschaft B"]
[Site "Ditzingen"]
[Date "2016.05.07"]
[Round "5.45"]
[White "Sprenger, Klaus"]
[Black "Limley, Gerhard"]
[Result "1-0"]
[WhiteElo "1419"]
[BlackElo "1606"]
[PlyCount "63"]
[EventDate "2016.??.??"]
[WhiteTeam "TSF Ditzingen"]
[BlackTeam "SV Dicker Turm Esslingen"]

1. d4 Nf6 2. Nf3 e6 3. c4 d5 4. Bg5 Be7 5. Nc3 c6 6. Qc2 Nbd7 7. a3 dxc4 8. e4
b5 9. g3 a6 10. Bg2 Bb7 11. O-O O-O 12. Rad1 h6 13. Bh4 Nh7 14. Bxe7 Qxe7 15.
Rfe1 Nb6 16. h4 Rad8 17. Nh2 Nf6 18. e5 Nfd5 19. Ne4 f5 20. exf6 Nxf6 21. Nc5
Rd6 22. Nf3 Rfd8 23. Bh3 Bc8 24. Re2 Nbd5 25. Rde1 Nc7 26. Ne5 Rd5 27. Nxe6
Nxe6 28. Nxc6 Qc7 29. Nxd8 Nxd8 30. Bxc8 Qxc8 31. Re7 Rd7 32. Qg6 1-0

[Event "Int. Stuttgarter Stadtmeisterschaft B"]
[Site "Ditzingen"]
[Date "2016.05.07"]
[Round "5.46"]
[White "Wagner, Herbert"]
[Black "Tölg, Wolfgang"]
[Result "1/2-1/2"]
[WhiteElo "1404"]
[BlackElo "1598"]
[PlyCount "44"]
[EventDate "2016.??.??"]
[WhiteTeam "SC Kreut"]
[BlackTeam "SF Oeffingen"]

1. d4 f5 2. Nc3 e6 3. e4 Nf6 4. Bg5 Be7 5. Bxf6 Bxf6 6. exf5 exf5 7. Bc4 Qe7+
8. Nge2 c6 9. d5 b5 10. d6 Bxc3+ 11. bxc3 Qe4 12. Bb3 Qxg2 13. Ng3 Ba6 14. Qe2+
Kd8 15. Qe7+ Kc8 16. O-O-O Qxf2 17. Rdf1 Qc5 18. Rxf5 Qxc3 19. Rf8+ Rxf8 20.
Qxf8+ Kb7 21. Qd8 Qa1+ 22. Kd2 Qd4+ 1/2-1/2

[Event "Int. Stuttgarter Stadtmeisterschaft B"]
[Site "Ditzingen"]
[Date "2016.05.07"]
[Round "5.47"]
[White "Petitto, Francesco"]
[Black "Bueble, Joschua"]
[Result "1/2-1/2"]
[WhiteElo "1595"]
[BlackElo "1343"]
[PlyCount "94"]
[EventDate "2016.??.??"]
[WhiteTeam "SK Sontheim/Brenz"]
[BlackTeam "SV Stockenhausen-Frommern"]

1. d4 d5 2. e3 Nf6 3. Bd3 e6 4. f4 c5 5. c3 Nbd7 6. Nd2 Qc7 7. Ndf3 Bd6 8. Ne5
O-O 9. Ngf3 Ne8 10. Ng5 Nef6 11. O-O h6 12. Ngf3 Nh7 13. g4 Bxe5 14. fxe5 f6
15. Qc2 Ng5 16. exf6 Nxf3+ 17. Rxf3 Rxf6 18. Rxf6 Nxf6 19. Qg2 Qc6 20. Bd2 e5
21. dxe5 Nxg4 22. e4 dxe4 23. Bxe4 Qc7 24. Bf4 g5 25. Bg3 Rb8 26. e6 Ne5 27. h4
Qg7 28. Bd5 Kf8 29. Bxe5 Qxe5 30. Qf3+ Qf4 31. Qxf4+ gxf4 32. Rf1 Ke7 33. Rxf4
Bxe6 34. Re4 Rg8+ 35. Kf2 Rg6 36. Ke3 Kd6 37. Bxe6 Rxe6 38. Rxe6+ Kxe6 39. Ke4
h5 40. a3 b5 41. Kf4 Kf6 42. b3 a6 43. c4 bxc4 44. bxc4 a5 45. a4 Ke6 46. Kg5
Ke5 47. Kxh5 Kf5 1/2-1/2

[Event "Int. Stuttgarter Stadtmeisterschaft B"]
[Site "Ditzingen"]
[Date "2016.05.07"]
[Round "5.48"]
[White "Michna, Marcus"]
[Black "Herbst, Karin"]
[Result "1-0"]
[WhiteElo "1784"]
[BlackElo "1601"]
[PlyCount "121"]
[EventDate "2016.??.??"]
[WhiteTeam "TSF Ditzingen"]
[BlackTeam "SG Fasanenhof"]

1. d4 c6 2. Bf4 d5 3. c3 Nf6 4. Nd2 Nbd7 5. e3 Nb6 6. Bd3 g6 7. h3 Bg7 8. Ngf3
O-O 9. O-O Bd7 10. Re1 Qc8 11. Kh2 Nh5 12. Bg3 Nxg3 13. fxg3 Qc7 14. e4 dxe4
15. Nxe4 Nd5 16. Nc5 Bc8 17. Qd2 b6 18. Ne4 f5 19. Neg5 Qd6 20. Qe2 Bf6 21. Ne6
Bxe6 22. Qxe6+ Kg7 23. Qxd6 exd6 24. Bc4 Nc7 25. a4 a6 26. Be6 Rad8 27. Re2
Nxe6 28. Rxe6 Kf7 29. Rae1 Rfe8 30. Rxe8 Rxe8 31. Rxe8 Kxe8 32. Kg1 Ke7 33. Kf2
Ke6 34. Ke3 h6 35. c4 b5 36. b3 bxa4 37. bxa4 g5 38. Nd2 a5 39. Nb3 Bd8 40. Kd3
Bc7 41. g4 f4 42. Ke4 d5+ 43. Kd3 Kd6 44. Nc5 Ke7 45. Kc3 Bd8 46. Nd3 Bc7 47.
cxd5 cxd5 48. Ne5 Kf6 49. Nc6 Ke6 50. Na7 Kd7 51. Kd3 Bd8 52. Nb5 Ke6 53. Ke2
Bb6 54. Kf3 Kd7 55. g3 fxg3 56. Kxg3 Ke6 57. h4 Kd7 58. h5 Ke6 59. Kf3 Kd7 60.
Ke3 Kc6 61. Nc3 1-0

[Event "Int. Stuttgarter Stadtmeisterschaft B"]
[Site "Ditzingen"]
[Date "2016.05.07"]
[Round "5.49"]
[White "Handel, Oliver"]
[Black "Steinhart, Matthias"]
[Result "1-0"]
[WhiteElo "1854"]
[BlackElo "1741"]
[PlyCount "39"]
[EventDate "2016.??.??"]
[WhiteTeam "SF Kornwestheim"]
[BlackTeam "SF Freiberg"]

1. e4 e5 2. Nf3 Nc6 3. Bb5 a6 4. Ba4 Nf6 5. O-O b5 6. Bb3 Bb7 7. c3 Nxe4 8. Re1
d5 9. d4 Be7 10. dxe5 Na5 11. Bc2 Ng5 12. Nxg5 Bxg5 13. e6 Bxc1 14. exf7+ Kxf7
15. Qxc1 Re8 16. Qf4+ Kg8 17. Nd2 Re7 18. Bxh7+ Kh8 19. Bg6 Rd7 20. Qg4 1-0

[Event "Int. Stuttgarter Stadtmeisterschaft B"]
[Site "Ditzingen"]
[Date "2016.05.07"]
[Round "5.50"]
[White "Schreiber, Stephan"]
[Black "Pibernik, Dario"]
[Result "1-0"]
[WhiteElo "1730"]
[BlackElo "1562"]
[PlyCount "105"]
[EventDate "2016.??.??"]
[WhiteTeam "SC Botnang"]
[BlackTeam "SV Schorndorf"]

1. d4 Nf6 2. Bf4 e6 3. e3 c5 4. c3 a6 5. Bd3 d5 6. h3 Nc6 7. Nf3 cxd4 8. exd4
Be7 9. Nbd2 O-O 10. O-O Re8 11. Re1 Nd7 12. Qc2 Nf8 13. Ne5 Ng6 14. Nxg6 hxg6
15. Nf3 Kh7 16. Re3 Rf8 17. Be5 Bd7 18. Rae1 Rc8 19. Bh2 Bf6 20. Bd6 Nxd4 21.
Qd1 Nf5 22. Bxf5 gxf5 23. Be5 Be7 24. Bh2 Bc5 25. R3e2 b5 26. Be5 b4 27. c4 Bc6
28. cxd5 Bxd5 29. Rd2 Qb6 30. b3 Rfd8 31. Ng5+ Kg6 32. Bf4 Qc6 33. Nxf7 Kxf7
34. Qh5+ Kg8 35. Rd3 Rd7 36. Rg3 Bd6 37. Rc1 Qb7 38. Rxc8+ Qxc8 39. Bxd6 Qc1+
40. Kh2 Rxd6 41. Qe8+ Kh7 42. Qe7 Qh6 43. Qxd6 Qf6 44. Qxa6 f4 45. Qd3+ Kh6 46.
Rg4 g5 47. h4 gxh4 48. Kh3 Qc3 49. Qxc3 bxc3 50. Rg8 f3 51. g3 Bb7 52. gxh4 c2
53. Rg1 1-0

[Event "Int. Stuttgarter Stadtmeisterschaft B"]
[Site "Ditzingen"]
[Date "2016.05.07"]
[Round "5.51"]
[White "Kayser, Florian"]
[Black "Schreiber, Winfried"]
[Result "0-1"]
[WhiteElo "1295"]
[BlackElo "1575"]
[PlyCount "46"]
[EventDate "2016.??.??"]
[WhiteTeam "TSV/RSK Esslingen"]

1. e4 c5 2. Nf3 d6 3. Bb5+ Bd7 4. Bxd7+ Nxd7 5. d4 cxd4 6. Nxd4 Ngf6 7. Nc3 g6
8. Be3 Bg7 9. Qd2 Ng4 10. O-O O-O 11. f4 Nxe3 12. Qxe3 Qb6 13. Nce2 e5 14. Qh3
exd4 15. Ng3 d3+ 16. Kh1 Bxb2 17. Rab1 dxc2 18. Rbe1 Qb5 19. f5 Ne5 20. f6 h5
21. Nxh5 Rac8 22. Ng3 c1=Q 23. Qh6 Qxh6 0-1

[Event "Int. Stuttgarter Stadtmeisterschaft B"]
[Site "Ditzingen"]
[Date "2016.05.07"]
[Round "5.52"]
[White "Krebs, Thomas"]
[Black "Meinecke, Klaus-Hinrich"]
[Result "1-0"]
[WhiteElo "1508"]
[BlackElo "1783"]
[PlyCount "130"]
[EventDate "2016.??.??"]
[WhiteTeam "SK Gerlingen"]
[BlackTeam "TSV Münchingen"]

1. e4 c5 2. Nf3 d6 3. d4 cxd4 4. Nxd4 Nf6 5. Nc3 a6 6. Be2 e5 7. Nb3 Be6 8. Be3
Nbd7 9. O-O h5 10. f3 Be7 11. Qd2 O-O 12. Rfd1 Rc8 13. Rac1 Bc4 14. Qe1 Bxe2
15. Qxe2 Ne8 16. f4 exf4 17. Bxf4 g5 18. Be3 Ng7 19. Nd5 Bf6 20. c3 Be5 21. Nd4
f6 22. Rf1 Qe8 23. Rce1 Nc5 24. Bc1 Kh7 25. Qe3 Nge6 26. g3 Qa4 27. Nxe6 Nxe6
28. a3 Qe8 29. Qe2 Kg6 30. Be3 Rf7 31. Rd1 Qf8 32. Bd4 Rc6 33. Bxe5 dxe5 34.
Rf2 Ng7 35. Kg2 Ne8 36. Rdf1 Kh6 37. Qe3 Kg6 38. h4 gxh4 39. gxh4 Qh6 40. Qh3
Kg7 41. Ne3 Kf8 42. Nf5 Qh8 43. Rd1 Rfc7 44. Rd8 Rc8 45. Rfd2 Qg8+ 46. Kf2 Rxd8
47. Rxd8 Qb3 48. Rd2 Qe6 49. Qd3 Qc8 50. Qf3 Rc4 51. Qxh5 Rxe4 52. Qh8+ Kf7 53.
Qh7+ Ke6 54. Ng7+ Nxg7 55. Qxe4 Qc5+ 56. Kg2 Qc6 57. Qxc6+ bxc6 58. Rd8 e4 59.
Ra8 f5 60. Rxa6 f4 61. Rxc6+ Kd5 62. Rc8 f3+ 63. Kf2 Nf5 64. h5 Ke5 65. Rc5+
Kf4 1-0

[Event "Int. Stuttgarter Stadtmeisterschaft B"]
[Site "Ditzingen"]
[Date "2016.05.07"]
[Round "5.53"]
[White "Hauger, Albrecht"]
[Black "Schmitz, Harald"]
[Result "0-1"]
[WhiteElo "1429"]
[BlackElo "1691"]
[PlyCount "76"]
[EventDate "2016.??.??"]
[WhiteTeam "SC Magstadt"]
[BlackTeam "SC Aidlingen"]

1. d4 Nf6 2. c4 g6 3. Nc3 d5 4. e3 Bg7 5. Bd3 O-O 6. Nf3 a6 7. e4 dxe4 8. Nxe4
Nbd7 9. Be3 Nxe4 10. Bxe4 Nf6 11. Bc2 Bd7 12. h3 b5 13. b3 Ne8 14. c5 Bc6 15.
b4 Nf6 16. Bb3 Nd5 17. Bd2 Re8 18. O-O e5 19. dxe5 Bxe5 20. Nxe5 Rxe5 21. Re1
Rxe1+ 22. Bxe1 Qd7 23. Qd4 Rd8 24. Rd1 Ne7 25. Bc3 Qxd4 26. Rxd4 Rxd4 27. Bxd4
Bd5 28. Bxd5 Nxd5 29. a3 f6 30. h4 Kf7 31. g3 Ke6 32. f3 Ne7 33. Kf2 f5 34. f4
Kd5 35. Bf6 Nc6 36. Bb2 a5 37. Bc3 axb4 38. axb4 Kc4 0-1

[Event "Int. Stuttgarter Stadtmeisterschaft B"]
[Site "Ditzingen"]
[Date "2016.05.07"]
[Round "5.54"]
[White "Funk, Christian"]
[Black "Klüppel, Werner"]
[Result "1/2-1/2"]
[WhiteElo "1411"]
[BlackElo "1392"]
[PlyCount "50"]
[EventDate "2016.??.??"]
[WhiteTeam "Ssg Fils-Lauter"]
[BlackTeam "SC Pforzheim"]

1. d4 d5 2. c4 dxc4 3. Nc3 Nf6 4. Bg5 e6 5. e3 Be7 6. Bxc4 c6 7. Nf3 O-O 8. O-O
Nbd7 9. Qc2 Re8 10. a3 b6 11. Rad1 Qc7 12. Bd3 Bb7 13. Bf4 Qd8 14. b4 h6 15.
Nd2 Nh5 16. Ne2 Nxf4 17. Nxf4 Bd6 18. Ne2 Nf6 19. Ne4 Qe7 20. Nxd6 Qxd6 21. Ng3
Rac8 22. Ne4 Qe7 23. Nxf6+ Qxf6 24. Be4 Re7 25. Qa4 Ba8 1/2-1/2

[Event "Int. Stuttgarter Stadtmeisterschaft B"]
[Site "Ditzingen"]
[Date "2016.05.07"]
[Round "5.55"]
[White "Lin, Jean-Claude"]
[Black "Hornung, Richard"]
[Result "0-1"]
[WhiteElo "1347"]
[BlackElo "1662"]
[PlyCount "60"]
[EventDate "2016.??.??"]
[WhiteTeam "SC Sillenbuch"]
[BlackTeam "SG Schwabing München"]

1. d4 Nf6 2. c4 c6 3. Nc3 d5 4. e3 e6 5. Nf3 Be7 6. Bd3 O-O 7. O-O a5 8. a4 Na6
9. b3 Nb4 10. Bb1 b6 11. Re1 Ba6 12. e4 dxc4 13. e5 Nfd5 14. Ne4 Nd3 15. Re2
Nxc1 16. Qxc1 cxb3 17. Rb2 Nb4 18. Rxb3 Qd5 19. Ned2 Rac8 20. Be4 Qd8 21. Nc4
c5 22. dxc5 Rxc5 23. Rc3 Qc7 24. Nfd2 Bg5 25. Qd1 Bxd2 26. Qxd2 Rxc4 27. Rxc4
Qxc4 28. Bf3 Rc8 29. Rd1 g6 30. Rc1 Qxc1+ 0-1

[Event "Int. Stuttgarter Stadtmeisterschaft B"]
[Site "Ditzingen"]
[Date "2016.05.07"]
[Round "6.1"]
[White "Kleih, Julian"]
[Black "Kozina, Vinko"]
[Result "1/2-1/2"]
[WhiteElo "1887"]
[BlackElo "1855"]
[PlyCount "85"]
[EventDate "2016.??.??"]
[WhiteTeam "SV Dettingen Erms"]
[BlackTeam "TSV/RSK Esslingen"]

1. d4 Nf6 2. c4 e6 3. g3 d5 4. Nf3 Nbd7 5. Bg2 Ne4 6. O-O c6 7. Qc2 Bd6 8. Nc3
f5 9. Rb1 a5 10. a3 Qe7 11. Bf4 Bxf4 12. gxf4 O-O 13. Qd3 Rf6 14. Ne5 Rh6 15.
Nxe4 fxe4 16. Qg3 Nxe5 17. fxe5 Bd7 18. f3 e3 19. f4 Be8 20. cxd5 cxd5 21. Qxe3
Bg6 22. Rbc1 Bf5 23. Rc3 Rg6 24. Kh1 Qh4 25. Qf2 Qd8 26. Re1 b5 27. e4 dxe4 28.
Bxe4 Bxe4+ 29. Rxe4 Qd5 30. Qf3 b4 31. axb4 axb4 32. Rc1 Rd8 33. Rg1 Rxg1+ 34.
Kxg1 Qa2 35. Qf2 Qb1+ 36. Re1 Qg6+ 37. Kh1 Rc8 38. h3 Rc2 39. Re2 b3 40. Kh2
Rxe2 41. Qxe2 Qc2 42. Qg2 Kf8 43. Kg3 1/2-1/2

[Event "Int. Stuttgarter Stadtmeisterschaft B"]
[Site "Ditzingen"]
[Date "2016.05.07"]
[Round "6.2"]
[White "Dreyer, Andre"]
[Black "Longo, Massimo"]
[Result "1-0"]
[WhiteElo "1855"]
[BlackElo "1719"]
[PlyCount "87"]
[EventDate "2016.??.??"]
[WhiteTeam "SV Stockenhausen-Frommern"]
[BlackTeam "SK Gräfelfing"]

1. d4 Nf6 2. c4 e6 3. Nf3 Bb4+ 4. Bd2 a5 5. Qc2 b6 6. g3 Bb7 7. Bg2 Ne4 8. O-O
Nxd2 9. Nbxd2 d5 10. Rac1 Nc6 11. cxd5 exd5 12. a3 Be7 13. e3 Bf6 14. Rfd1 O-O
15. Ne1 Rc8 16. Ndf3 Qd6 17. Nd3 Ne7 18. Bh3 Rb8 19. Qxc7 Qxc7 20. Rxc7 Nc6 21.
Nfe5 Nxe5 22. Nxe5 Bxe5 23. dxe5 Rfe8 24. f4 g6 25. Kf2 Ba8 26. Rdc1 Bb7 27.
Rd1 Ba8 28. Ra7 Rb7 29. Rxb7 Bxb7 30. Rc1 Rd8 31. Rc7 Ba8 32. Rc8 Rxc8 33. Bxc8
Bc6 34. Ke2 f6 35. exf6 Kf7 36. Kd3 Kxf6 37. Kd4 h6 38. Bg4 g5 39. fxg5+ hxg5
40. h4 gxh4 41. gxh4 Bb7 42. h5 Kg5 43. Ke5 Bc6 44. Bf3 1-0

[Event "Int. Stuttgarter Stadtmeisterschaft B"]
[Site "Ditzingen"]
[Date "2016.05.07"]
[Round "6.3"]
[White "Tönjes, Jürgen"]
[Black "Winkler, Tim"]
[Result "1/2-1/2"]
[WhiteElo "1838"]
[BlackElo "1868"]
[PlyCount "74"]
[EventDate "2016.??.??"]
[WhiteTeam "SF Lilienthal"]
[BlackTeam "SF Deizisau"]

1. d4 Nf6 2. c4 g6 3. Nc3 Bg7 4. e4 d6 5. f3 a6 6. Be3 b6 7. Bd3 Nbd7 8. Nge2
c5 9. O-O O-O 10. d5 Ne5 11. Rc1 Bd7 12. b3 Nxd3 13. Qxd3 b5 14. Rb1 Qa5 15.
Qc2 Qc7 16. Ng3 b4 17. Nce2 a5 18. Qd2 a4 19. Bh6 axb3 20. axb3 Ra3 21. Bxg7
Kxg7 22. Rfc1 Rfa8 23. Rc2 Ra1 24. Rxa1 Rxa1+ 25. Nc1 Qa5 26. Nge2 Ra3 27. Ra2
Rxa2 28. Qxa2 Qxa2 29. Nxa2 Ng8 30. Kf2 f5 31. h3 Nh6 32. Ke3 Nf7 33. Nac1 Kf6
34. Nd3 Nd8 35. Ng3 e5 36. Ne2 g5 37. g4 f4+ 1/2-1/2

[Event "Int. Stuttgarter Stadtmeisterschaft B"]
[Site "Ditzingen"]
[Date "2016.05.07"]
[Round "6.4"]
[White "Löchel, Günter"]
[Black "Shahisavandi, Abdollah"]
[Result "0-1"]
[WhiteElo "1744"]
[BlackElo "1848"]
[PlyCount "81"]
[EventDate "2016.??.??"]
[WhiteTeam "SC Kreut"]
[BlackTeam "Karlsruher SF"]

1. e4 c5 2. Nc3 Nc6 3. Nf3 g6 4. Bc4 Bg7 5. O-O d6 6. h3 Nf6 7. a3 O-O 8. d3 a6
9. Nd5 b5 10. Nxf6+ Bxf6 11. Bd5 Bd7 12. c3 Rc8 13. Bh6 Re8 14. Qd2 e6 15. Bxc6
Bxc6 16. Bg5 Bxg5 17. Qxg5 Qxg5 18. Nxg5 e5 19. h4 h6 20. Nh3 c4 21. dxc4 Bxe4
22. cxb5 axb5 23. f3 Bc2 24. Rf2 Bb3 25. Rd2 d5 26. Nf2 e4 27. fxe4 dxe4 28.
Ng4 Kg7 29. Re1 f5 30. Ne3 Red8 31. Ree2 f4 32. Nc2 e3 33. Rxd8 Rxd8 34. Nd4
Bc4 35. Re1 Kf6 36. g3 g5 37. Kg2 Bd5+ 38. Kf1 Re8 39. gxf4 gxf4 40. Ke2 Rg8
41. Kd3 0-1

[Event "Int. Stuttgarter Stadtmeisterschaft B"]
[Site "Ditzingen"]
[Date "2016.05.07"]
[Round "6.5"]
[White "Zimmermann, Tobias"]
[Black "Kelemen, Alexander"]
[Result "0-1"]
[WhiteElo "1820"]
[BlackElo "1723"]
[PlyCount "114"]
[EventDate "2016.??.??"]
[WhiteTeam "SC Botnang"]
[BlackTeam "SC Weiße Dame Ulm"]

1. e4 c5 2. Nf3 e6 3. d4 cxd4 4. Nxd4 Nc6 5. Nc3 Qc7 6. Be2 a6 7. O-O Nf6 8.
Be3 Bb4 9. Bf3 Ne5 10. Bf4 d6 11. Bxe5 dxe5 12. Nde2 O-O 13. a3 Rd8 14. Qc1 Bc5
15. Na4 Ba7 16. b3 b5 17. Nb2 Bb7 18. Ng3 Qc3 19. Nd1 Qd2 20. c4 Qxc1 21. Rxc1
Rac8 22. Rc3 bxc4 23. bxc4 Rd4 24. Ne3 Nxe4 25. Nxe4 Bxe4 26. Bxe4 Rxe4 27.
Rfc1 Bc5 28. Kf1 Rb8 29. Ke2 Rb2+ 30. R1c2 Rxc2+ 31. Rxc2 Kf8 32. Kd3 Rd4+ 33.
Ke2 Ke7 34. Rb2 Bxa3 35. Rb7+ Rd7 36. Rb6 Ra7 37. Nc2 Bc5 38. Rc6 Bd4 39. f4
Kd7 40. Nxd4 exd4 41. Rc5 Rc7 42. Ra5 Rxc4 43. Rxa6 Rc2+ 44. Kf3 Rc6 45. Ra7+
Ke8 46. Ke4 Rd6 47. Ra3 d3 48. Rxd3 Rxd3 49. Kxd3 Ke7 50. g4 Kd6 51. Kd4 f6 52.
h4 e5+ 53. fxe5+ fxe5+ 54. Kc4 Kc6 55. g5 g6 56. Kb4 Kd5 57. Kb5 e4 0-1

[Event "Int. Stuttgarter Stadtmeisterschaft B"]
[Site "Ditzingen"]
[Date "2016.05.07"]
[Round "6.7"]
[White "Kußmann, Alexander"]
[Black "Paschmann, Stefan"]
[Result "1-0"]
[WhiteElo "1681"]
[BlackElo "1869"]
[PlyCount "113"]
[EventDate "2016.??.??"]
[WhiteTeam "SC Aidlingen"]
[BlackTeam "Krefelder SK Turm"]

1. e3 d5 2. c4 c6 3. d4 Nf6 4. Nc3 Bf5 5. Bd3 Bxd3 6. Qxd3 e6 7. Nge2 Nbd7 8.
b3 Bd6 9. Bb2 O-O 10. O-O Ng4 11. g3 f5 12. Nf4 Qe7 13. cxd5 exd5 14. Rae1 g5
15. Ng2 Ngf6 16. f4 Ne4 17. Nxe4 fxe4 18. Qe2 Qe6 19. Qh5 g4 20. f5 Qf7 21.
Qxg4+ Kh8 22. Nh4 Rg8 23. Qh3 Rg7 24. Re2 Kg8 25. f6 Rg5 26. Nf5 Bf8 27. Qh4
Qg6 28. Ne7+ Bxe7 29. fxe7 b6 30. Ref2 Rg4 31. Qh3 Re8 32. Rf4 h5 33. Rxg4 Qxg4
34. Qxg4+ hxg4 35. Rf4 Rxe7 36. Rxg4+ Rg7 37. Rf4 Rf7 38. Kf2 Rxf4+ 39. exf4
Kf7 40. g4 Nf6 41. h3 Ne8 42. Ba3 Kg6 43. Be7 Kf7 44. Bb4 Nc7 45. a4 Ne6 46.
Ke3 c5 47. Bc3 a6 48. h4 cxd4+ 49. Bxd4 Nxd4 50. Kxd4 a5 51. h5 Kf6 52. g5+ Kf5
53. h6 Kg6 54. f5+ Kh7 55. Ke3 Kh8 56. g6 Kg8 57. f6 1-0

[Event "Int. Stuttgarter Stadtmeisterschaft B"]
[Site "Ditzingen"]
[Date "2016.05.07"]
[Round "6.8"]
[White "Zaytsev, Evgeny"]
[Black "Handel, Oliver"]
[Result "0-1"]
[WhiteElo "1723"]
[BlackElo "1854"]
[PlyCount "52"]
[EventDate "2016.??.??"]
[WhiteTeam "Stuttgarter SF"]
[BlackTeam "SF Kornwestheim"]

1. d4 Nf6 2. c4 e6 3. Nc3 Bb4 4. Qc2 d5 5. a3 Be7 6. g3 O-O 7. c5 Nc6 8. Nf3
Nd7 9. b4 a6 10. h4 Re8 11. Bg5 f6 12. Be3 Nf8 13. O-O-O Na7 14. Bd2 Bd7 15. g4
a5 16. g5 axb4 17. axb4 Nb5 18. gxf6 Bxf6 19. Bg5 Na3 20. Qd3 Nc4 21. Kc2 Ra3
22. Ne5 Ba4+ 23. Kc1 Bxd1 24. Nxc4 dxc4 25. Qxd1 Rxc3+ 26. Kb2 Rb3+ 0-1

[Event "Int. Stuttgarter Stadtmeisterschaft B"]
[Site "Ditzingen"]
[Date "2016.05.07"]
[Round "6.10"]
[White "Pocrnic, Josip"]
[Black "Strauss, Martin"]
[Result "0-1"]
[WhiteElo "1787"]
[BlackElo "1759"]
[PlyCount "44"]
[EventDate "2016.??.??"]
[WhiteTeam "SF Conweiler"]
[BlackTeam "SC Sillenbuch"]

1. e4 e5 2. Nf3 Nc6 3. Bc4 Bc5 4. O-O Nf6 5. d3 d6 6. h3 h6 7. c3 Bb6 8. a4 a5
9. Qb3 O-O 10. Re1 Nd7 11. Nbd2 Nc5 12. Qc2 Ne6 13. Nf1 Qf6 14. N1h2 Nf4 15.
Kh1 h5 16. Be3 Be6 17. b3 Kh8 18. Rg1 g5 19. Qd2 Rg8 20. d4 Bxc4 21. dxe5 Nxe5
22. Bxb6 cxb6 {Rest unklar} 0-1

[Event "Int. Stuttgarter Stadtmeisterschaft B"]
[Site "Ditzingen"]
[Date "2016.05.07"]
[Round "6.11"]
[White "Schmedemann, Jörg"]
[Black "Santiago, Nicolas"]
[Result "0-1"]
[WhiteElo "1633"]
[BlackElo "1785"]
[PlyCount "52"]
[EventDate "2016.??.??"]
[WhiteTeam "SSV Zuffenhausen"]
[BlackTeam "SC Kreut"]

1. e4 c5 2. Nf3 d6 3. d4 cxd4 4. Nxd4 Nf6 5. Nc3 a6 6. Be2 e5 7. Nb3 Be7 8. O-O
Be6 9. Be3 b5 10. Bf3 O-O 11. Qd2 Nbd7 12. Rfd1 Nb6 13. Na5 Qc7 14. a3 Rac8 15.
Rac1 Rfd8 16. Bg5 h6 17. Be3 d5 18. Bxb6 Qxb6 19. Nxd5 Bxd5 20. exd5 e4 21. Be2
Rxd5 22. Qe1 Rdc5 23. Nb3 Rxc2 24. Rb1 Rd8 25. Na1 Rxd1 26. Bxd1 Rxf2 0-1

[Event "Int. Stuttgarter Stadtmeisterschaft B"]
[Site "Ditzingen"]
[Date "2016.05.07"]
[Round "6.12"]
[White "Ellinger, Harald"]
[Black "Holschke, Christian"]
[Result "1/2-1/2"]
[WhiteElo "1854"]
[BlackElo "1723"]
[PlyCount "60"]
[EventDate "2016.??.??"]
[WhiteTeam "SK Gerlingen"]
[BlackTeam "SC Neckarsulm"]

1. Nf3 f5 2. d4 Nf6 3. g3 g6 4. Bg2 Bg7 5. O-O O-O 6. c4 d6 7. Nc3 Qe8 8. Bg5
c6 9. Bxf6 Bxf6 10. Rc1 Nd7 11. b4 e5 12. e3 e4 13. Nd2 Qf7 14. a4 b6 15. Nb3
Rd8 16. b5 c5 17. Nd5 Bg7 18. f3 exf3 19. Bxf3 Rb8 20. a5 Nf6 21. axb6 axb6 22.
Nf4 Bb7 23. d5 Bc8 24. Nd2 Qe7 25. Re1 Ne4 26. Nxe4 fxe4 27. Bg4 Ra8 28. Bxc8
Rdxc8 29. Ne6 Qf6 30. Nxg7 Ra7 1/2-1/2

[Event "Int. Stuttgarter Stadtmeisterschaft B"]
[Site "Ditzingen"]
[Date "2016.05.07"]
[Round "6.13"]
[White "Braun, Tobias"]
[Black "Rudhart, Michael"]
[Result "1-0"]
[WhiteElo "1732"]
[BlackElo "1890"]
[PlyCount "143"]
[EventDate "2016.??.??"]
[WhiteTeam "SSV Zuffenhausen"]
[BlackTeam "DJK Stuttgart-Süd"]

1. d4 d5 2. c4 e6 3. Nf3 Nf6 4. Bg5 c6 5. e3 Nbd7 6. Bd3 dxc4 7. Bxc4 b5 8. Bd3
a6 9. O-O Bb7 10. Nc3 h6 11. Bh4 g5 12. Bg3 c5 13. dxc5 Nxc5 14. Be2 Qb6 15.
Be5 Be7 16. Bd4 Qc6 17. Qc2 Rc8 18. Rac1 b4 19. Nb1 Qd5 20. Bxc5 Bxc5 21. Qa4+
Ke7 22. Rfd1 Qc6 23. Qxc6 Rxc6 24. Nbd2 Rhc8 25. Ne5 R6c7 26. Ndc4 Ba7 27. Rc2
Bd5 28. b3 Ne4 29. Rdc1 Nc3 30. Bh5 f6 31. Ng6+ Kd7 32. Rd2 Kc6 33. a3 Bxc4 34.
axb4 Nd5 35. Rxc4+ Kb6 36. Rxc7 Rxc7 37. g3 Nxb4 38. Nf8 Rc1+ 39. Kg2 Rb1 40.
Rd6+ Kc5 41. Rxe6 Rxb3 42. Rxf6 Rb2 43. Rxh6 Kc4 44. Bf7+ Kc3 45. Kf3 g4+ 46.
Kxg4 Rxf2 47. Rh7 Bxe3 48. Nd7 a5 49. Ne5 a4 50. Be6 Bd4 51. Rc7+ Kd2 52. Nf3+
Ke3 53. Nxd4 Kxd4 54. Rc4+ Ke5 55. Rxb4 Kxe6 56. h4 a3 57. Ra4 a2 58. Kg5 Rf5+
59. Kg4 Rf2 60. Ra6+ Kf7 61. Kg5 Rb2 62. h5 Rb5+ 63. Kh4 Rb2 64. g4 Rh2+ 65.
Kg5 Rb2 66. Ra7+ Kf8 67. h6 Kg8 68. Kh5 Rb5+ 69. g5 Rb2 70. Ra8+ Kf7 71. g6+
Kf6 72. Ra6+ 1-0

[Event "Int. Stuttgarter Stadtmeisterschaft B"]
[Site "Ditzingen"]
[Date "2016.05.07"]
[Round "6.14"]
[White "Wachtel, Arthur"]
[Black "Ackermann, Hermann"]
[Result "1-0"]
[WhiteElo "1706"]
[BlackElo "1885"]
[PlyCount "105"]
[EventDate "2016.??.??"]
[WhiteTeam "SK Freising"]
[BlackTeam "SC Pforzheim"]

1. e4 d6 2. d4 Nd7 3. Nc3 c6 4. Nf3 g6 5. Be3 Bg7 6. Bd3 Ngf6 7. h3 e5 8. dxe5
dxe5 9. O-O O-O 10. Qd2 Qc7 11. Rad1 Re8 12. a3 Nf8 13. Rfe1 Be6 14. Qe2 h6 15.
Bc4 Rad8 16. Bxe6 Nxe6 17. Rxd8 Rxd8 18. g3 Nd4 19. Bxd4 exd4 20. Nb1 Re8 21.
Nbd2 c5 22. Qd3 Nd7 23. b3 a6 24. a4 Qc6 25. Kg2 Ne5 26. Nxe5 Bxe5 27. Nf3 Bg7
28. Kg1 b5 29. axb5 axb5 30. Nd2 Rc8 31. Rd1 c4 32. bxc4 bxc4 33. Qe2 Re8 34.
Qxc4 Qxc4 35. Nxc4 Rc8 36. Na3 Rc3 37. Rd3 Kf8 38. Rxc3 dxc3 39. Kf1 Ke7 40.
Ke2 Kd6 41. Kd3 Kc5 42. Nb1 Bd4 43. f4 Bf2 44. g4 Bg3 45. f5 h5 46. gxh5 gxf5
47. exf5 Bf4 48. Nxc3 Kd6 49. Ke4 Bg5 50. Nd5 Kd7 51. Ne3 Bf6 52. Ng4 Bh8 53.
c4 1-0

[Event "Int. Stuttgarter Stadtmeisterschaft B"]
[Site "Ditzingen"]
[Date "2016.05.07"]
[Round "6.15"]
[White "Funk, Patrick"]
[Black "Wohlt, Harald"]
[Result "1-0"]
[WhiteElo "1793"]
[BlackElo "1735"]
[PlyCount "27"]
[EventDate "2016.??.??"]
[WhiteTeam "Mönchfelder SV"]
[BlackTeam "Stuttgarter SF"]

1. c4 Nf6 2. g3 g6 3. Bg2 Bg7 4. Nc3 c5 5. e3 Nc6 6. Nge2 O-O 7. O-O d6 8. d4
cxd4 9. exd4 Bd7 10. Re1 Qb6 11. h3 Qa5 12. Be3 Qh5 13. Qd2 e5 14. g4 1-0

[Event "Int. Stuttgarter Stadtmeisterschaft B"]
[Site "Ditzingen"]
[Date "2016.05.07"]
[Round "6.16"]
[White "Engelhardt, Frank"]
[Black "Vaclahovsky, Gerhard"]
[Result "1-0"]
[WhiteElo "1807"]
[BlackElo "1702"]
[PlyCount "47"]
[EventDate "2016.??.??"]
[WhiteTeam "SC Botnang"]
[BlackTeam "SK Keres-Augsburg"]

1. e4 e5 2. Nf3 d6 3. d4 exd4 4. Nxd4 Nf6 5. Nc3 Be7 6. Be2 O-O 7. Bf4 Nbd7 8.
Nf5 Nc5 9. Nxe7+ Qxe7 10. f3 Be6 11. O-O h6 12. Qd2 Kh7 13. Rfe1 Rad8 14. Nd5
Bxd5 15. exd5 Qd7 16. b4 Na4 17. Bd3+ g6 18. Bxh6 Rg8 19. Bg5 Kg7 20. Qf4 Nxd5
21. Qd4+ f6 22. Qxd5 fxg5 23. Qxg5 Kf8 24. Qf6+ 1-0